| 000 | 00482nam a22001457a 4500 | ||
|---|---|---|---|
| 008 | 160412b xxu||||| |||| 00| 0 eng d | ||
| 050 | _aBV636.C392 | ||
| 100 |
_aCommission on World Mission, Evangelism _923804 |
||
| 245 |
_aCelebration and Challenge _c/ Commission on World mission and Education |
||
| 260 |
_aGeneva _bWorld Council of Churches _c1987 |
||
| 300 |
_a242p. ; _c22cm. |
||
| 650 |
_aUrbarn ministry _923704 |
||
| 650 |
_aRural ministry _923670 |
||
| 942 |
_2lcc _cMONOGRAPH |
||
| 999 |
_c124579 _d124579 |
||